000 01123nam a2200265Ia 4500
999 _c51202
_d51202
001 18161
003 GE_BSU
005 20220810135314.0
008 181216s ||||ge |||||||||||||| || ||
020 _a978-99940-67-20-6
040 _cGE_BSU
080 _a811.353.1'34(075.8) ფ-38
100 _aფეიქრიშვილი, ჟუჟუნა
_94824
245 _aქართული ენა :
_bსახელმძღვ. სტუდ. /
_cჟუჟუნა ფეიქრიშვილი ; რედ. ლეილა კვანტალიანი.
264 _aთბილისი :
_b[?],
_c2007.
300 _a149 გვ. ;
_c20 სმ.
501 _aლექსიკონი გვ. : 142-146
541 _h7ლ.
653 _aქართული ენა
653 _aქართული ენა
653 _aქართული ენის ფონეტიკა
653 _aქართული ენის გრამატიკა
700 _aკვანტალიანი, ლეილა
_eრედაქტორი
_914525
942 _cBK
_2udc